000 00261nam a2200109 a 4500
001 4140
005 20140414131959.0
008 090218s19uu xx 00 eng d
050 _aTR 372.4
_bM31 2003
245 _aManuscript writing. Grades K-2.
999 _c113018
_d113018